LIBRARY & INFORMATION CENTRE, KCAET, TAVANUR

ONLINE PUBLIC ACCESS CATALOGUE (OPAC)

Development and Quality of Report Pouch Processed Ramasseri Idli (Record no. 14893)

MARC details
000 -LEADER
fixed length control field 00674nam a22001817a 4500
003 - CONTROL NUMBER IDENTIFIER
control field OSt
088 ## - REPORT NUMBER
Report number P371
100 ## - MAIN ENTRY--AUTHOR NAME
Personal name KRISHNAPRABHA
-- RAJANI S
-- ROHITHA P.R
245 ## - TITLE STATEMENT
Title Development and Quality of Report Pouch Processed Ramasseri Idli
260 ## - PUBLICATION, DISTRIBUTION, ETC. (IMPRINT)
Place of publication Tavanur 2017
Name of publisher Department of Food and Agricultural Process Engineering
300 ## - PHYSICAL DESCRIPTION
Number of Pages 55
500 ## - GENERAL NOTE
General note Development and Quality of Report Pouch Processed Ramasseri Idli
520 ## - SUMMARY, ETC.
Summary, etc Development and Quality of Report Pouch Processed Ramasseri Idli
700 ## - ADDED ENTRY--PERSONAL NAME
Personal name Dr. Sudheer K.P (Guide)
856 ## - ELECTRONIC LOCATION AND ACCESS
Uniform Resource Identifier https://drive.google.com/open?id=1wmF3oIclhoc87P7UdT8bYfJ7Fcq6KIPw
942 ## - ADDED ENTRY ELEMENTS (KOHA)
Koha item type Project Report
Holdings
Collection code Home library Current library Shelving location Full call number Accession Number Koha item type
Reference KAUAET KAUAET Reference 664 KRI/DE P 371 Project Report
free website counter